| 000 | 00743cab a2200229 4500 | ||
|---|---|---|---|
| 001 | ABS54731 | ||
| 008 | 090401t1996 xxu||||| |||| 00| 0 eng d | ||
| 035 | _a(Sirsi) u12030 | ||
| 041 | _aeng | ||
| 100 | _aSilke, E. | ||
| 245 | _aCorrecting contractors | ||
| 260 | _c1996 | ||
| 350 | _a0 | ||
| 490 |
_aSurveyor _v183(5379) 14 March 1996, 19-21(3) |
||
| 520 | _aInvestigates how local authorities are ensuring that cable operators comply with the New Roads and Street Works Act 1991 particularly regarding the quality of reinstatement. | ||
| 650 | _aCABLE OPERATORS | ||
| 650 | _aNEW ROADS AND STREET WORKS ACT 1991 | ||
| 650 | _aSTREET WORKS | ||
| 690 | _aHIGHWAYS RIGHTS OF WAY AND EASEMENTS | ||
| 942 | _n0 | ||
| 948 | _c04/03/1997 | ||
| 999 |
_c7695 _d7695 |
||